| 000 | 00574 a2200217 4500 | ||
|---|---|---|---|
| 005 | 20260214105954.0 | ||
| 008 | 260212b |||||||| |||| 00| 0 eng d | ||
| 020 |
_a9781041143482 _cRs. 3995.00 |
||
| 040 | _aMAIN | ||
| 082 |
_a615.1 _bM311E(2) |
||
| 100 | _aMamrack, Mark D | ||
| 110 | _aMamrack, Mark D | ||
| 245 | _aExercise and sport pharmacology | ||
| 250 | _a2nd | ||
| 260 |
_bRoutledge _c2025 _aNew York |
||
| 300 | _axii, 441 | ||
| 650 | _aExercise- Sport Pharmacology | ||
| 650 | _aPharmacology | ||
| 650 | _aDrugs- Physiological Aspects | ||
| 942 | _cBK | ||
| 999 |
_c396114 _d396114 |
||